000 00705nam a2200289Ia 4500
005 20260324125831.0
008 008 260324s9999 xx 000 0 eng d
020 _a9780429186028
037 _aEBOOK
040 _aCRL
040 _beng
040 _cCRL
041 _2eng
041 _aeng
084 _qCRL
100 _aRebecca Copeland
_91179505
245 0 _aConverging NGN Wireline and Mobile 3G Networks with IMS
245 0 _bConverging NGN and 3G Mobile
260 _bTaylor and Francis
260 _c2008
365 _a
365 _b260
856 _uhttp://www.taylorfrancis.com/books/9780429186028
942 _cEBOOK
999 _c1775099
_d1775099